000 00189nam a22000857a 4500
008 170526b xxu||||| |||| 00| 0 eng d
100 _93119
_aDavis.T.
245 _aPriceless
260 _aUSA
_c2010
999 _c6406
_d6406